| 000 | 00748nam a2200229 a 4500 | ||
|---|---|---|---|
| 005 | 20260211063949.0 | ||
| 008 | 010606s2001 r 000 0 eng d | ||
| 020 | _a8427713533 | ||
| 035 | _aUPN01000107686 | ||
| 049 | _aCG | ||
| 050 | 4 |
_aBF723 A35 _bT7.38 |
|
| 100 | 1 | _aTrain, Alan | |
| 245 | 1 | 0 |
_aAgresividad en niños y niñas : _bayudas, tratamiento, apoyos en la familia y en la escuela / _cAlan Train ; tr. Alberto Villalba. |
| 260 |
_aMadrid : _bNarcea, _c2001. |
||
| 300 | _a184 p. | ||
| 440 | 0 |
_aEducación hoy _pEducación especial |
|
| 534 |
_pTraducción de: _tHelping the agressive child |
||
| 650 | 2 |
_aAgresividad en niños _9305 |
|
| 650 | 4 |
_aConducta infantil _95683 |
|
| 650 | 2 |
_aProblemas emocionales _910677 |
|
| 905 | _aLibro | ||
| 999 |
_c81598 _d81598 |
||